Liquidated damages (Record no. 72272)

MARC details
000 -LEADER
fixed length control field 01090cam a2200229 4500
001 - CONTROL NUMBER
control field ABS66404
008 - FIXED-LENGTH DATA ELEMENTS--GENERAL INFORMATION
fixed length control field 030307n2003 000 0 eng u
035 ## - SYSTEM CONTROL NUMBER
System control number (Sirsi) u121579
245 ## - TITLE STATEMENT
Title Liquidated damages
260 ## - PUBLICATION, DISTRIBUTION, ETC.
Date of publication, distribution, etc. 2003
490 ## - SERIES STATEMENT
Series statement Contract Journal
Volume/sequential designation 417(6412) 5 February 2003, 24(1)
520 ## - SUMMARY, ETC.
Summary, etc. Discusses the case "Jeancharm Ltd v Barnet Football Club Ltd" (CA [2003] CILL 1987-1990(4)) where the central issue was whether large amounts can be included within liquidated and ascertained damages provisions. The outcome of the case implied that the law still requires that a liquidated damages provision must be an amount which can be shown to be a genuine pre-estimate of the likely loss in the event of a breach, otherwise the clause may become unenforceable.
590 ## - LOCAL NOTE (RLIN)
Local note ABS
650 ## - SUBJECT ADDED ENTRY--TOPICAL TERM
Topical term or geographic name entry element LIQUIDATED DAMAGES
650 ## - SUBJECT ADDED ENTRY--TOPICAL TERM
Topical term or geographic name entry element ASCERTAINED DAMAGES
650 ## - SUBJECT ADDED ENTRY--TOPICAL TERM
Topical term or geographic name entry element JEANCHARM LTD V BARNET FOOTBALL CLUB LTD
650 ## - SUBJECT ADDED ENTRY--TOPICAL TERM
Topical term or geographic name entry element LATE PAYMENTS
650 ## - SUBJECT ADDED ENTRY--TOPICAL TERM
Topical term or geographic name entry element CONSTRUCTION INDUSTRY
650 ## - SUBJECT ADDED ENTRY--TOPICAL TERM
Topical term or geographic name entry element LATE COMPLETION
690 ## - LOCAL SUBJECT ADDED ENTRY--TOPICAL TERM (OCLC, RLIN)
Topical term or geographic name as entry element BUILT ENVIRONMENT-BUILDING CONTRACT FORMS
942 ## - ADDED ENTRY ELEMENTS (KOHA)
Suppress in OPAC 0
Holdings
Withdrawn status Lost status Source of classification or shelving scheme Damaged status Not for loan Home library Current library Shelving location Date acquired Total Checkouts Full call number Barcode Date last seen Copy number Price effective from Koha item type
    Dewey Decimal Classification     London London Journal article 07/03/2003   ABS66404 121579-1001 06/08/2019 1 06/08/2019 Journal article